Pasatiempos de Gumiel

Enregistré dans:
Détails bibliographiques
Auteur principal: González Soto, Miguel
Format: Livre
Langue:Undetermined
Publié: San José, Costa Rica Dirección de Publicaciones del Ministerio de Cultura, Juventud y Deportes 1980
Édition:2
Sujets:
Tags: Ajouter un tag
Pas de tags, Soyez le premier à ajouter un tag!

MARC

LEADER 00000nam a2200000Ia 4500
008 170316s9999 xx 000 0 und d
040 |a cru BVZT 
090 |a 868 G-18p 
100 |a González Soto, Miguel 
245 |a Pasatiempos de Gumiel 
250 |a 2 
260 |a San José, Costa Rica 
260 |b Dirección de Publicaciones del Ministerio de Cultura, Juventud y Deportes 
260 |c 1980 
300 |a [s.páginas] 
650 |a LITERATURA COSTARRICENSE 
999 |c 11085  |d 11085 
942 |c 15 D  |h 868 G-18p  |2 z